|
|
|
|
| LEADER |
00000ny a22000003n 4500 |
| 005 |
20110509141459.0 |
| 008 |
080702d20002004sp s 000 0 spa c |
| 035 |
|
|
|a 73
|
| 040 |
|
|
|a UMA.RE
|d vlex
|
| 080 |
|
|
|a 331.45(0.034)
|
| 080 |
|
|
|a 349.24(0.034)
|
| 090 |
|
|
|c 1467
|d 1467
|
| 245 |
3 |
0 |
|a Noticiario Audelco
|h [Recurso electrn̤ico]
|
| 256 |
|
|
|a Servicio en ln̕ea
|
| 260 |
|
|
|a [Madrid] :
|b Audelco
|
| 650 |
0 |
4 |
|a Industria
|x Seguridad
|x Medidas
|x Publicaciones perid̤icas
|
| 740 |
0 |
|
|a vLex Revista (Servicios en ln̕ea)
|
| 853 |
|
|
|8 1
|i (year)
|j (month)
|k (day)
|
| 856 |
4 |
0 |
|u http://vlex.com/source/73
|z Acceso restringido
|
| 942 |
|
|
|c REV
|